000
00304nam a22001337a 4500
008
170802b xxu||||| |||| 00| 0 eng d
020
_a
3486206478
041
_a
eng
080
_a
004
100
_a
32
101
_a
SHK
245
_a
MIKRO-PROGRAMMIERUNG UN RECHNERENTWURF
_c
CHROUST,G
942
_2
udc
_c
BK
999
_c
22471
_d
22471